Essai sur le droguier populaire arabe de l'Inspectorat des pharmacies du Caire /
المؤلف الرئيسي:
التنسيق: كتاب
اللغة: French
منشور في:
Le Caire :
Imprimerie de l'Institut français d'archéologie orientale,
1930.
سلاسل:
Memoires de l'Institut d'Egypte ;
15.
MIE ;
15.
الموضوعات:
الوسوم: إضافة وسم
رقم الطلب: DT43 .I625 v.15
| LEADER | 00830namaa2200265 4500 | ||
|---|---|---|---|
| 001 | 18853 | ||
| 003 | OSt | ||
| 005 | 20260429060447.0 | ||
| 008 | 130303s1930 ua f 000 0 fre d | ||
| 010 | |a 32015248 | ||
| 040 | |c ARCE Library | ||
| 043 | |a f-ua--- | ||
| 050 | 4 | |a DT43 .I625 v.15 | |
| 100 | 1 | |a Ducros, A. H., |e author |9 29272 | |
| 245 | 1 | 0 | |a Essai sur le droguier populaire arabe de l'Inspectorat des pharmacies du Caire / |c par A. H. Ducros. |
| 264 | 1 | |a Le Caire : |b Imprimerie de l'Institut français d'archéologie orientale, |c 1930. | |
| 300 | |a viii, 165 pages, ix leaves of plates ; |c 28 cm. | ||
| 490 | 0 | |a Memoires de l'Institut d'Egypte ; |v 15. | |
| 490 | 0 | |a MIE ; |v 15. | |
| 650 | 0 | |a Drugs. | |
| 650 | 0 | |a Materia medica |z Egypt. | |
| 650 | 0 | |a Medicine, Arab. | |
| 901 | |a reviewed | ||
| 942 | |c BK |2 lcc | ||
| 999 | |c 15921 |d 15921 | ||
